000 00199nam a2200073Ia 4500
008 170524s9999 xx 000 0 und d
100 _aGUPTA- S.L
245 0 _aADVERTISING AND SALES PROMOTION MGT
260 _bnew delhi : Sultan chand
999 _c8375
_d8375